Teoría y problemas de diseño de máquinas /
Guardado en:
| Autor Principal: | |
|---|---|
| Otros Autores: | , , , |
| Formato: | Libro |
| Idioma: | Spanish English |
| Publicado: |
México ; Buenos Aires :
McGraw-Hill,
c1971.
|
| Series: | Schaum's outline series
|
| Materias: | |
| Etiquetas: |
Agregar Etiqueta
Sin Etiquetas, Sea el primero en etiquetar este registro!
|
| LEADER | 01217nam a22003135a 4500 | ||
|---|---|---|---|
| 001 | EIQ.libpla001313 | ||
| 008 | 060907s1971####ag#a##########001#0#spa#d | ||
| 005 | 20150619131315.0 | ||
| 245 | 1 | 0 | |a Teoría y problemas de diseño de máquinas / |c Allen S. Hall, Alfred R. Holowenko, Herman G. Laughlin ; traducción y adaptación Diego López Arango y Guillermo Sánchez Bolivar. |
| 260 | |a México ; |a Buenos Aires : |b McGraw-Hill, |c c1971. | ||
| 300 | |a 344 p. : |b il. ; |c 27 cm. | ||
| 490 | 1 | |a Serie de compendios Schaum | |
| 500 | |a Incluye 320 problemas resueltos. | ||
| 500 | |a Traducido de la primera edición en inglés de Machine design. | ||
| 500 | |a Incluye índice. | ||
| 020 | |a 9684510772 | ||
| 100 | 1 | |a Hall, Allen S. | |
| 700 | 1 | |a Holowenko, Alfred R. | |
| 700 | 1 | |a Laughlin, Herman G. | |
| 700 | 1 | |a López Arango, Diego, |e tr. |4 trl | |
| 700 | 1 | |a Sánchez Bolivar, Guillermo, |e tr. |4 trl | |
| 830 | 0 | |a Schaum's outline series | |
| 650 | 4 | |a Diseño de máquinas |x Teoría. | |
| 650 | 4 | |a Diseño de máquinas |x Problemas. | |
| 650 | 4 | |a Machine design |x Theory. | |
| 650 | 4 | |a Machine design |x Problems. | |
| 040 | |a AR-BbSID |b spa |c AR-BbSID | ||
| 041 | 1 | |a eng |h spa | |
| 859 | |a AR-BbSID |b BIB. PLAPIQUI |h 621.8 |i H 14 |p 3338 | ||
